000
00251nam a22001097a 4500
082
_a
651.2
100
_a
cordell S. J.
245
_a
choosing and using office equipment
260
_a
london
_b
cassel
_c
1977
300
_a
x,148p.
_b
ill,;22cm.
942
_c
BK
999
_c
18071
_d
18071